|
|
|
|
| LEADER |
00718nam a22002057a 4500 |
| 001 |
c000101145 |
| 003 |
CARM |
| 005 |
00000000000000.0 |
| 008 |
981030s1954 enk 00001 eng d |
| 019 |
1 |
|
|a 14225985
|5 LACONCORD2021
|
| 035 |
|
|
|a (OCoLC)222184854
|5 LACONCORD2021
|
| 040 |
|
|
|a VLINC
|c VLINC
|
| 082 |
0 |
4 |
|a 823.91
|2 18
|
| 100 |
1 |
|
|a Ferguson, Ruby.
|
| 245 |
1 |
4 |
|a The leopard's coast /
|c [by Ruby Ferguson]
|
| 260 |
|
|
|a [London :
|b Hodder and Stoughton,
|c 1954]
|
| 300 |
|
|
|a 351 p.
|
| 852 |
8 |
|
|b CARM
|h A2:AI21G0
|i A01991
|p 0098830
|f BK
|
| 999 |
f |
f |
|i 46d46afd-9a9c-588f-9356-cdc6e60ef74c
|s 316c49a3-8c10-5fde-b07f-21fa44f15481
|
| 952 |
f |
f |
|p Can circulate
|a CAVAL
|b CAVAL
|c CAVAL
|d CARM 1 Store
|e A01991
|f A2:AI21G0
|h Other scheme
|i book
|m 0098830
|